Nura entu: naku dashakada kategalu (Record no. 211793)
[ view plain ]
| 000 -LEADER | |
|---|---|
| fixed length control field | 01825nam a2200241Ia 4500 |
| 003 - CONTROL NUMBER IDENTIFIER | |
| control field | OSt |
| 005 - DATE AND TIME OF LATEST TRANSACTION | |
| control field | 20251206104516.0 |
| 008 - FIXED-LENGTH DATA ELEMENTS--GENERAL INFORMATION | |
| fixed length control field | 210719s2020 xx 000 0 und d |
| 020 ## - INTERNATIONAL STANDARD BOOK NUMBER | |
| International Standard Book Number | 978-93-90490-97-4 |
| 040 ## - CATALOGING SOURCE | |
| Transcribing agency | AL |
| 041 ## - LANGUAGE CODE | |
| Language code of text/sound track or separate title | Kannada |
| 082 ## - DEWEY DECIMAL CLASSIFICATION NUMBER | |
| Classification number | K894.301 JOGN |
| 100 ## - MAIN ENTRY--PERSONAL NAME | |
| Personal name | JOGI |
| Dates associated with a name | ಜೋಗಿ |
| 9 (RLIN) | 248107 |
| 245 ## - TITLE STATEMENT | |
| Title | Nura entu: naku dashakada kategalu |
| Remainder of title | 108: ನಾಕು ದಶಕದ ಕತೆಗಳು |
| 260 ## - PUBLICATION, DISTRIBUTION, ETC. | |
| Place of publication, distribution, etc. | Bengaluru |
| Name of publisher, distributor, etc. | Sapna Buk Haus |
| Date of publication, distribution, etc. | 2020 |
| 300 ## - PHYSICAL DESCRIPTION | |
| Extent | 541 |
| Other physical details | HB |
| 365 ## - TRADE PRICE | |
| Price amount | 550 |
| Currency code | Rs |
| 520 ## - SUMMARY, ETC. | |
| Summary, etc. | ಲೇಖಕ ಜೋಗಿ (ಗಿರೀಶ್ ರಾವ್ ಹತ್ವಾರ್) ಅವರ ಸುಮಾರು 4 ದಶಕದ ಕತೆಗಳನ್ನು ಒಂದೆಡೆ ಸೇರಿಸಿ ಓದುಗರಿಗೆ ನೀಡಿದ್ದೇ ಈ ಕೃತಿ -108 ನಾಕು ದಶಕದ ಕತೆಗಳು. ಜೋಗಿ ಅವರು ಮೂಲತಃ ಲೇಖಕರು,ಕಥೆಗಾರರು. ಕಳೆದ 4 ದಶಕದಿಂದ ಬರೆದ ಕತೆಗಳನ್ನಿಲ್ಲಿ ಸಂಗ್ರಹಿಸಿದ್ದು, ಕಥಾ ವಸ್ತು, ನಿರೂಪಣಾ ಶೈಲಿ, ಸನ್ನಿವೇಶಗಳ ಜೋಡಣೆ, ಪಾತ್ರಗಳ ಸೃಷ್ಟಿ, ಪರಿಣಾಮಕಾರಿ ಸಂಭಾಷಣೆ ಇತ್ಯಾದಿ ಸಾಹಿತ್ಯಕ ಅಂಶಗಳಿಂದ ಇಲ್ಲಿಯ ಕಥೆಗಳು ಗಮನ ಸೆಳೆಯುತ್ತದೆ. ಜೋಗಿ ಅವರು ಕಥಾ ಬರವಣಿಗೆಯ ದಾರಿಯಲ್ಲಿ ನಡೆದು ಬಂದ ವೈವಿಧ್ಮಮಯ ಅಂಶಗಳ ಅಧ್ಯಯನಕ್ಕೆ ಈ ಕೃತಿ ಸಹಕಾರಿಯಾಗಿದೆ. |
| 650 ## - SUBJECT ADDED ENTRY--TOPICAL TERM | |
| Topical term or geographic name entry element | Kannada Fiction |
| 9 (RLIN) | 248108 |
| 650 ## - SUBJECT ADDED ENTRY--TOPICAL TERM | |
| Topical term or geographic name entry element | Kannada literature |
| 9 (RLIN) | 248109 |
| 906 ## - LOCAL DATA ELEMENT F, LDF (RLIN) | |
| a | 108 ; dashakada ; entu: ; kategalu ; naku ; Nura |
| 942 ## - ADDED ENTRY ELEMENTS (KOHA) | |
| Source of classification or shelving scheme | Dewey Decimal Classification |
| Koha item type | Book |
| Withdrawn status | Lost status | Source of classification or shelving scheme | Damaged status | Not for loan | Collection code | Home library | Current library | Date acquired | Source of acquisition | Cost, normal purchase price | Total Checkouts | Full call number | Barcode | Date last seen | Date last checked out | Cost, replacement price | Price effective from | Koha item type |
|---|---|---|---|---|---|---|---|---|---|---|---|---|---|---|---|---|---|---|
| Dewey Decimal Classification | Kannada | St Aloysius Library | St Aloysius Library | 02/10/2021 | General Annual | Navakarnataka Publication Pvt Ltd Mangalore | 550.00 | 1 | K894.301 JOGN | 074607 | 03/20/2023 | 09/30/2022 | 440.00 | 07/19/2021 | Book |